Statistics for Green Arrow Franchise

Click here to take the quiz!

General Stats

  • This quiz has been taken 14 times
  • The average score is 1 of 5

Answer Stats

TypeYearNameInfo% Correct
TV Show2012-PresentArrowThe CW
100%
FilmTBAGreen Arrow: Escape from Super MaxTBA
10%
Comic Mini-Series1987Green Arrow: The Longbow HuntersDC Comics
10%
Comic Series2007-2010Green Arrow and Black CanaryDC Comics
0%
Comic Mini-Series2007Green Arrow: Year OneDC Comics
0%

Score Distribution

Percentile by Number Answered

Percent of People with Each Score

Your Score History

You have not taken this quiz